Word Ladder: No Doubt Hits Quiz Stats

 Plays Quiz Updated Jun 19, 2017

Support Sporcle.
Go Orange.
Score 0/27 Timer 04:00
0 Plays Today
Hint 4 Letter Word % Correct
A husband's spouseWIFE
97.2%
A group of musiciansBAND
96.2%
⟡ It's My ___⟡ LIFE ⟡
96.2%
Chardonnay, e.g.WINE
95.8%
Elevator, to a BritLIFT
94.8%
⟡ ____ and Shove ⟡⟡ PUSH ⟡
94.1%
Shrub or hedgeBUSH
93.2%
Sculpture of a headBUST
92.1%
Get ready for a photoPOSE
91.7%
FinishedDONE
91.4%
Upper floor, atticLOFT
90.2%
Tie togetherBIND
89.8%
Classy and sophisticatedPOSH
89.6%
Relative of cornbreadPONE
85.6%
Hint 4 Letter Word % Correct
⟡ ___ Speak ⟡⟡ DON'T ⟡
81.5%
2005-2010 ABC sci-Fi dramaLOST
81.2%
Actor Eric of 'Hulk'BANA
78.5%
Oak or ashWOOD
75%
___ ghanoush (eggplant dish)BABA
73.5%
⟡ ___ a Girl ⟡⟡ JUST ⟡
73.3%
⟡ Hey ___⟡ BABY ⟡
69%
⟡ Simple ___ of Life ⟡⟡ KIND ⟡
66.7%
Weekend Update anchor ColinJOST
66.5%
Cows, old-schoolKINE
64.1%
Inclined toWONT
63.3%
⟡ Hella ___⟡ GOOD ⟡
62.8%
Celebratory soundWOOT
60.9%

Today's Daily Dose

You're not logged in!

Compare scores with friends on all Sporcle quizzes.
OR
Log In
Forgot?

From the Vault

Last to Last: Authors

by MSUKent

"People create stories create people; or rather stories create people create stories."
Remove Ads.
Support Sporcle.
Get the best of Sporcle when you Go Orange. This ad-free experience offers more features, more stats, and more fun while also helping to support Sporcle. Thank you for becoming a member.

Show Comments

Extras

Top Quizzes Today


Score Distribution

Your Account Isn't Verified!

In order to create a playlist on Sporcle, you need to verify the email address you used during registration. Go to your Sporcle Settings to finish the process.

Report this User

Report this user for behavior that violates our Community Guidelines.

Details: